Computer security management
Αποθηκεύτηκε σε:
| Κύριος συγγραφέας: | |
|---|---|
| Μορφή: | Βιβλίο |
| Γλώσσα: | English |
| Δημοσίευση: |
Cambridge :
Course Technology,
c1994.
|
| Θέματα: | |
| Ετικέτες: |
Προσθήκη ετικέτας
Δεν υπάρχουν, Καταχωρήστε ετικέτα πρώτοι!
|
MARC
| LEADER | 00000cam a2200000 i 4500 | ||
|---|---|---|---|
| 001 | 1/1329 | ||
| 008 | 000417s1994 enk| ||| |||| ||eng|| | ||
| 020 | |a 0760049505 | ||
| 035 | |l 10059979 | ||
| 040 | |a GR-MyUa |b gre |e AACR2 | ||
| 041 | 0 | |a eng | |
| 082 | 7 | |a 658.478 |2 (22) | |
| 100 | 1 | |a Forcht, Karen Anne, |d 1944- | |
| 245 | 1 | 0 | |a Computer security management / |c Karen A. Forcht. |
| 260 | |a Cambridge : |b Course Technology, |c c1994. | ||
| 300 | |a x, 486 σ. : |b εικ. ; |c 24 εκ. | ||
| 504 | |a Περιλαμβάνει βιβλιογραφικές παραπομπές και ευρετήριο. | ||
| 650 | 0 | 0 | |a Computer security. |
| 852 | |a INST |b SAMOS |e 20000417 |h 658.478 FOR |p 005300017648 |q 005300017648 |t BK |y 0 | ||
| 901 | |a BIBL3-2000-1 | ||
| 922 | |a 3ΕΛΗ |b 200003 |c ΚΠΣ |d ΠΑΠΑΣΩΤΗΡΙΟΥ | ||
| 950 | |a 116-1999-12-31 | ||
| 970 | |a ΚΟΣΙΕΡΗΣ |b ΧΡΗΣΤΟΣ |z 2000/04/20 | ||